000 00978nam a22002537a 4500
005 20120112143825.0
008 120112t xxu||||| |||| 00| 0 mar d
010 _aMAR-22142
020 _c230.00
035 _aMR-14800
037 _bDBAD/PUB
040 _aDPL
_bMR
082 _a921
100 _939079
_aजाधव, ल.सि.
245 _aहोरपळ /
_cल.सि.जाधव
246 _aHorpal
_bby L.S.Jadhav
260 _aसोलापूर
_bसुविद्या प्रकाशन
_c2011
270 _a'गंगा निवास' 374,उत्तर कसबा,
_bसोलापूर
_e413007
300 _a255पृ
_c21सेमी(अजिल्द)
650 _aजीवनचरित्र
_947282
650 _aBiography
_947283
942 _2ddc
_cMR
_mजाधव
_h921
999 _c67064
_d67064